La universidad estatal iberoamericana hacia el siglo XXI

Furkejuvvon:
Bibliográfalaš dieđut
Váldodahkkit: Norambuena Carrasco, Carmen Eliana (autora), Seballos, Sylvia (Dahkki), Díaz, Georgina (Dahkki)
Materiálatiipa: Girji
Giella:espánnjágiella
Almmustuhtton: Santiago Universidad de Santiago de Chile 2000
Preanttus:1a. ed
Ráidu:Colección Extremamérica. Universidad, 2
Fáttát:
Fáddágilkorat: Lasit fáddágilkoriid
Eai fáddágilkorat, Lasit vuosttaš fáddágilkora!

MARC

LEADER 00000cam a2200000 a 4500
001 UCG9130
003 CL-VaPUC
005 20240709090652.0
008 120120e20000700cl 1 spa d
020 |a 9567069476 
082 0 4 |a 378.05  |b NOR  |2 21 
100 |a Norambuena Carrasco, Carmen Eliana  |e autora  |9 876162 
700 1 |a Seballos, Sylvia  |e author  |9 621842 
700 1 |a Díaz, Georgina  |e author  |9 621843 
245 1 3 |a La universidad estatal iberoamericana hacia el siglo XXI 
250 |a 1a. ed 
260 |a Santiago  |b Universidad de Santiago de Chile  |c 2000 
300 |a 343 p 
490 0 |a Colección Extremamérica. Universidad, 2 
583 |a last modification  |c 20190908 08:06:31  |k Rodrigo Vera 
650 0 0 |a Universidades estatales  |9 457671 
650 0 0 |a Educación superior   |9 223851 
942 |c BK 
945 |a dcastane  |d 20120120 00:00:00 
546 |a En Español 
536 |a Universidad de Santiago de Chile 
518 |p Cumbre Iberoamericana de Rectores de Universidades Estatales, 1, Santiago de Chile, agosto de 1999 
999 |c 384657  |d 384655 
952 |0 0  |1 0  |4 0  |6 378_050000000000000_NOR_2000  |7 0  |8 ED_SUP  |9 507514  |a BIBGIM  |b BIBGIM  |c S_PSTGRDO  |d 2020-01-23  |i 4836340  |o 378.05 NOR 2000  |p 4836340  |r 2025-01-15  |w 2020-01-23  |y BK_X  |k ESU